| 000 | 01360cam a2200229 4500 | ||
|---|---|---|---|
| 001 | ##L130225 | ||
| 008 | 050704n2005 000 0 eng u | ||
| 020 | _a1857213718 | ||
| 035 | _a(Sirsi) u130225 | ||
| 041 | 0 | _aeng | |
| 050 | 0 | 4 | _a332.6324 $2 18 |
| 100 | 1 | _aMaxted, Bill | |
| 245 | 0 | 4 |
_aThe UK commercial property lending market _byear-end 2004 |
| 250 | _a7th ed. | ||
| 260 |
_aLeicester _bDe Montfort University _c2005 |
||
| 300 |
_a2 _fv. _c30cm |
||
| 520 | _aAnalyses the lending activity of the major commercial property lenders operating within the UK as at the end of 2004. Deals with the total of debt outstanding lent against commercial property, the volume of annual lending and analyses the terms on which loans have been completed. Features a high response rate from specialist property lenders together with a high level of detail in its findings. The second part of the survey analyses the lending activity of the major commercial property lenders operating within the UK as at the end of 2004. Presents the detailed lending terms that would be offered by UK lenders, German lenders, other international lenders, North American lenders and building societies. | ||
| 690 | _aPROPERTY-COMMERCIAL PROPERTY-COMMERCIAL PROPERTY FINANCE AND INVESTMENT | ||
| 700 | 1 | _aPorter, Trudi | |
| 710 | 2 |
_aDe Montfort University _92410 |
|
| 942 | _n0 | ||
| 999 |
_c104402 _d104402 |
||